Statistics for Music Trivia: '30s Songs and Artists

Click here to take the quiz!

General Stats

  • This quiz has been taken 23 times
    (15 since last reset)
  • The average score is 4 of 15

Answer Stats

HintAnswer% Correct
Minnie the MoocherCab Calloway
82%
Strange FruitBillie Holiday
64%
Cheek to CheekFred Astaire
55%
Brother Can You Spare a DimeBing Crosby
27%
Back in the Saddle AgainGene Autry
27%
If I Didn't CareInk Spots
27%
Can the Circle Be UnbrokenCarter Family
18%
Mood IndigoDuke Ellington
18%
Bie Mir Bist Du SchonThe Andrews Sisters
18%
Tumbling TumbleweedsThe Sons of the Pioneers
18%
Take My Hand Precious LordThomas Dorsey, Albertina Walker or Mahalia Jackson
18%
Goodnight IreneHuddie "Lead Belly" Ledbetter
9%
On the Sunny Side of the StreetLouis Armstrong, Lionel Hampton, Earl "Fatha" Hines, or Benny Goodman
9%
Sweet Home ChicagoRobert Johnson
9%
This Train"Sister" Rosetta Tharp
9%

Score Distribution

Percentile by Number Answered

Percent of People with Each Score

Your Score History

You have not taken this quiz since the last reset